Relax v soli trištvrtehodinový pobyt v soľnej jaskyni vraj zdravotnými účinkami zodpovedá trojdňovému pobytu pri mori. naozaj ?

Bibliographic Details
Main Author: Marinkovičová, Denisa (Author)
Format: Article
Language:Slovak
PhysicalDescription:Obr.
ISSN:1335-2776
Subjects:
Online Access:www.markiza.sk

MARC

LEADER 00000nab a2200000 a 4500
001 vtls008963924
003 SK-MaSNL
005 20260303070801.0
008 070413|2007 xo wrz r 000 0 slo
015 |a SNBRB2007/04  |2 kevkjb 
038 |a KEVKJB 
040 |a KEVKJB  |b slo  |c KEVKJB  |e AACR2 
041 0 |a slo 
044 |a xo  |c SK 
080 |a 615.83  |2 2001 
100 1 |a Marinkovičová, Denisa  |4 aut  |9 841977 
245 1 0 |a Relax v soli  |b trištvrtehodinový pobyt v soľnej jaskyni vraj zdravotnými účinkami zodpovedá trojdňovému pobytu pri mori. naozaj ?  |c Denisa Marinkovičová 
300 |b Obr. 
650 0 7 |a soľné jaskyne  |2 kevkjb  |9 81440 
650 0 7 |a soľná terapia  |2 kevkjb  |9 1068677 
650 0 7 |a haloterapia  |2 kevkjb  |9 1068678 
773 0 |t Markíza  |g Roč. X, č. 15 (2007), s. 68-69  |x 1335-2776 
852 |a KEVKJB  |b KIS3GCP 
856 4 1 |u www.markiza.sk 
958 |a MI 
999 |c 1756911  |d 1758841